15 câu chuyện đại dương

Gardado en:
Detalles Bibliográficos
Autor Corporativo: Nhiều tác giả
Formato: Libro
Idioma:Undetermined
Publicado: Tp. Hồ Chí Minh Thanh Niên 2004
Những chủ đề:
Các nhãn: Engadir etiqueta
Sen Etiquetas, Sexa o primeiro en etiquetar este rexistro!
Thư viện lưu trữ: Trung tâm Học liệu Trường Đại học Cần Thơ
LEADER 00556nam a2200193Ia 4500
001 CTU_94267
008 210402s9999 xx 000 0 und d
020 |c 28000 
082 |a 500 
082 |b M558 
110 |a Nhiều tác giả 
245 0 |a 15 câu chuyện đại dương 
245 0 |c Nhiều tác giả; Hồng Nhung tuyển dịch 
260 |a Tp. Hồ Chí Minh 
260 |b Thanh Niên 
260 |c 2004 
650 |a Knowledge,Science 
904 |i Mai Loan 
980 |a Trung tâm Học liệu Trường Đại học Cần Thơ